Normal view
MARC view
- Developing an understanding of world problems; an introduction to international law by case studies
Entry Topical Term
001 - CONTROL NUMBER
- control field: 105024
003 - CONTROL NUMBER IDENTIFIER
- control field: NUST
005 - DATE AND TIME OF LATEST TRANSACTION
- control field: 20221215174640.0
008 - FIXED-LENGTH DATA ELEMENTS
- fixed length control field: 221215|| aca||aabn | a|a d
040 ## - CATALOGING SOURCE
- Original cataloging agency: NUST
- Transcribing agency: NUST
150 ## - HEADING--TOPICAL TERM
- Topical term or geographic name entry element: Developing an understanding of world problems; an introduction to international law by case studies
670 ## - SOURCE DATA FOUND
- Source citation: Work cat.: (NUST)184306: Stephen, Robert M. 105023, Developing an understanding of world problems :, 1969
